การดำเนินงานปฏิรูปที่ดินในที่ดินพระราชทานและที่ดินโดยเสด็จพระราชกุศล / (ระเบียนเลขที่ 5224)
| 000 -LEADER | |
|---|---|
| fixed length control field | 01462nam a22002297a 4500 |
| 005 - DATE AND TIME OF LATEST TRANSACTION | |
| control field | 20251125232800.0 |
| 008 - FIXED-LENGTH DATA ELEMENTS--GENERAL INFORMATION | |
| fixed length control field | s2539 th tha d |
| 040 ## - CATALOGING SOURCE | |
| Original cataloging agency | NALT |
| 041 ## - LANGUAGE CODE | |
| Language code of text/sound track or separate title | tha |
| 050 ## - LIBRARY OF CONGRESS CALL NUMBER | |
| Classification number | HD1333.T5 |
| Item number | ส691ก 2539 |
| 110 2# - MAIN ENTRY--CORPORATE NAME | |
| 9 (RLIN) | 10446 |
| Corporate name or jurisdiction name as entry element | สำนักงานการปฏิรูปที่ดินเพื่อเกษตรกรรม |
| 245 10 - TITLE STATEMENT | |
| Title | การดำเนินงานปฏิรูปที่ดินในที่ดินพระราชทานและที่ดินโดยเสด็จพระราชกุศล / |
| Remainder of title | สำนักงานการปฏิรูปที่ดินเพื่อเกษตรกรรม. |
| 260 ## - PUBLICATION, DISTRIBUTION, ETC. | |
| Place of publication, distribution, etc. | กรุงเทพฯ : |
| Name of publisher, distributor, etc. | สำนักงานการปฏิรูปที่ดินเพื่อเกษตรกรรม กระทรวงเกษตรและสหกรณ์, |
| Date of publication, distribution, etc. | 2539. |
| 300 ## - PHYSICAL DESCRIPTION | |
| Extent | 106 หน้า : |
| Other physical details | ภาพประกอบ, ตาราง ; |
| Dimensions | 30 ซม. |
| 650 #4 - SUBJECT ADDED ENTRY--TOPICAL TERM | |
| Topical term or geographic name entry element | การปฏิรูปที่ดิน |
| 9 (RLIN) | 9432 |
| Geographic subdivision | ไทย |
| 650 #4 - SUBJECT ADDED ENTRY--TOPICAL TERM | |
| Topical term or geographic name entry element | การปฏิรูปที่ดินเพื่อการเกษตร |
| 9 (RLIN) | 6733 |
| 650 #0 - SUBJECT ADDED ENTRY--TOPICAL TERM | |
| Topical term or geographic name entry element | การพัฒนาที่ดิน |
| 9 (RLIN) | 9436 |
| 850 ## - HOLDING INSTITUTION | |
| Holding institution | NALT |
| 856 40 - ELECTRONIC LOCATION AND ACCESS | |
| Uniform Resource Identifier | <a href="https://hdl.handle.net/20.500.14156/337767">https://hdl.handle.net/20.500.14156/337767</a> |
| 942 ## - ADDED ENTRY ELEMENTS (KOHA) | |
| Koha item type | General Book |
| Source of classification or shelving scheme | Library of Congress Classification |
| 998 ## - LOCAL CONTROL INFORMATION (RLIN) | |
| -- | 1020 |
| -- | จำเรียง ระวังสำโรง |
| Withdrawn status | Lost status | Source of classification or shelving scheme | Damaged status | Not for loan | Collection code | Home library | Current library | Shelving location | Total Checkouts | Full call number | Barcode | Date last seen | Copy number | Price effective from | Koha item type | Date acquired |
|---|---|---|---|---|---|---|---|---|---|---|---|---|---|---|---|---|
| Library of Congress Classification | Not for Loan | General Book collection | National Assembly Library of Thailand | National Assembly Library of Thailand | Parliament Building 2 | HD 1333.T5 ส691ก 2539 | 3961133217 | 09/06/2017 | ฉ. 4 | 09/06/2017 | General Book | |||||
| Library of Congress Classification | Not for Loan | General Book collection | National Assembly Library of Thailand | National Assembly Library of Thailand | Parliament Building 2 | HD 1333.T5 ส691ก 2539 | 3961122697 | 09/06/2017 | ฉ. 3 | 09/06/2017 | General Book | |||||
| Library of Congress Classification | Not for Loan | General Book collection | National Assembly Library of Thailand | National Assembly Library of Thailand | Parliament Building 2 | HD 1333.T5 ส691ก 2539 | 3961102906 | 09/06/2017 | ฉ. 2 | 09/06/2017 | General Book | |||||
| Library of Congress Classification | Not for Loan | General Book collection | National Assembly Library of Thailand | National Assembly Library of Thailand | Parliament Building 2 | HD 1333.T5 ส691ก 2539 | 3961102905 | 09/06/2017 | ฉ. 1 | 09/06/2017 | General Book | |||||
| Library of Congress Classification | Senate | National Assembly Library of Thailand | National Assembly Library of Thailand | General Book shelves | HD 1333.T5 ส691ก 2539 | 0100008719001 | 28/09/2022 | 24/03/2022 | General Book | 24/03/2022 |
